| 000 | 00546nam a2200193Ia 4500 | ||
|---|---|---|---|
| 005 | 20250317130350.0 | ||
| 008 | 008 250317s9999 xx 000 0 eng d | ||
| 020 | _a0-631-13998-2 | ||
| 037 | _aTextbook | ||
| 040 |
_aFMSL _beng _cFMSL |
||
| 041 |
_aeng _2eng |
||
| 084 |
_aX8(A):8 M6 _qFMSL |
||
| 100 |
_aProsser Tony _9330626 |
||
| 245 | 0 | _aNationalised Industries and public control | |
| 260 |
_aUSA _bUSA, Basil Blackwell _c1986 |
||
| 300 | _a260p | ||
| 942 |
_cTB _hX8(A):8 M6 |
||
| 999 |
_c1263467 _d1263467 |
||